Sumergirse en el aprendizaje. Herramientas atractivas.

Furkejuvvon:
Bibliográfalaš dieđut
Váldodahkki: Quinn, Joanne (autora)
Eará dahkkit: McEachen, Joanne (autora), Fullan, Michael (autor), Gardner, Mag (autora), Grummy, Max (autor)
Materiálatiipa: Dovdameahttun
Giella:eaŋgalasgiella
Almmustuhtton: Madrid, España: Ediciones Morata, 2021.
Fáttát:
Fáddágilkorat: Lasit fáddágilkoriid
Eai fáddágilkorat, Lasit vuosttaš fáddágilkora!

MARC

LEADER 00000 a2200000 4500
003 CL-VaPUC
005 20220707130449.0
008 211026b2021 ||||| |||| 00| 0 eng d
999 |c 433762  |d 433760 
020 |a 978-84-18381-34-8 
040 |c Pontificia Universidad Católica de Valparaíso 
082 |a 370.1523 QUI 2021 
100 1 |a Quinn, Joanne  |9 863776  |e autora 
245 1 |a Sumergirse en el aprendizaje.  |b Herramientas atractivas. 
260 |a Madrid, España:  |b Ediciones Morata,   |c 2021. 
300 |a 291 páginas . 
500 |a c.2-c3. Donación entregado por la profesora Marta Quiroga. Memo 12/2022. 05/05/2022 
583 |k Cristina María Rojas Aguilar  |c 20211026 
650 0 |a Motivación en la educación   |9 861201 
650 0 |a Mejoramiento curricular  |9 864007 
650 0 |a Planificación educativa  |9 864008 
700 |a McEachen, Joanne  |9 863805  |e autora 
700 |a Fullan, Michael  |9 863806  |e autor 
700 |a Gardner, Mag  |9 863807  |e autora 
700 |a Grummy, Max  |9 863808  |e autor 
942 |2 ddc  |c BK 
952 |0 0  |1 0  |2 ddc  |4 0  |6 370_152300000000000_QUI_2021  |7 0  |8 A  |9 579043  |a BIBHIS  |b BIBHIS  |d 2021-10-26  |e 52  |g 35225.89  |i 558955K  |l 1  |o 370.1523 QUI 2021  |p 558955K  |r 2025-01-20  |s 2023-04-10  |t 1  |v 35225.89  |w 2021-10-26  |y BK  |k HIS 
952 |0 0  |1 0  |2 ddc  |4 0  |6 370_152300000000000_QUI_2021  |7 0  |8 A  |9 583299  |a BIBEDU  |b BIBEDU  |c GEN  |d 2022-05-27  |e Donación  |i 5651440  |l 4  |o 370.1523 QUI 2021  |p 5651440  |r 2023-10-02  |s 2023-10-02  |t 2  |w 2022-05-27  |y BK  |k EPE 
952 |0 0  |1 0  |2 ddc  |4 0  |6 370_152300000000000_QUI_2021  |7 0  |8 A  |9 583300  |a BIBEDU  |b BIBEDU  |c GEN  |d 2022-05-27  |e Donación  |i 5651441  |l 2  |o 370.1523 QUI 2021  |p 5651441  |r 2023-11-04  |s 2023-09-30  |t 3  |w 2022-05-27  |y BK  |k EPE 
952 |0 0  |1 0  |2 ddc  |4 0  |6 370_152300000000000_QUI_2021  |7 0  |8 A  |9 584512  |a BIBTEO  |b BIBTEO  |c GEN  |d 2022-07-07  |e 62  |g 49300.51  |i 5652699  |o 370.1523 QUI 2021  |p 5652699  |r 2025-01-17  |t 4  |v 49300.51  |w 2022-07-07  |y BK  |k ICR